<?xml version="1.0" encoding="UTF-8"?>
<collection xmlns="http://www.loc.gov/MARC21/slim">
 <record>
  <leader>     na                 </leader>
  <controlfield tag="001">INLIS000000000022318</controlfield>
  <controlfield tag="005">20250120011052</controlfield>
  <datafield tag="035" ind1=" " ind2=" ">
   <subfield code="a">0010-0125000007</subfield>
  </datafield>
  <controlfield tag="007">ta</controlfield>
  <controlfield tag="008">250120                g          0 ind  </controlfield>
  <datafield tag="020" ind1=" " ind2=" ">
   <subfield code="a">978-602-1351-04-8</subfield>
  </datafield>
  <datafield tag="082" ind1=" " ind2=" ">
   <subfield code="a">618.2</subfield>
  </datafield>
  <datafield tag="084" ind1=" " ind2=" ">
   <subfield code="a">618.2 IND p</subfield>
  </datafield>
  <datafield tag="100" ind1="0" ind2=" ">
   <subfield code="a">Indiarti</subfield>
   <subfield code="e">Pengarang</subfield>
  </datafield>
  <datafield tag="245" ind1="1" ind2=" ">
   <subfield code="a">Panduan Persiapan Kehamilan, Kelahiran, dan Perawatan Bayi</subfield>
  </datafield>
  <datafield tag="250" ind1=" " ind2=" ">
   <subfield code="a">Cetakan 1</subfield>
  </datafield>
  <datafield tag="300" ind1=" " ind2=" ">
   <subfield code="a">212 halaman :</subfield>
   <subfield code="b">Ilustrasi ;</subfield>
   <subfield code="c">24 cm</subfield>
  </datafield>
  <datafield tag="650" ind1=" " ind2="4">
   <subfield code="a">Obstetri</subfield>
  </datafield>
  <datafield tag="650" ind1=" " ind2="4">
   <subfield code="a">Ilmu Kandungan</subfield>
  </datafield>
  <datafield tag="650" ind1=" " ind2="4">
   <subfield code="a">Kehamilan dan Kelahiran</subfield>
  </datafield>
  <datafield tag="504" ind1=" " ind2=" ">
   <subfield code="a">209-210</subfield>
  </datafield>
  <datafield tag="505" ind1=" " ind2=" ">
   <subfield code="a">1. Ketika Cinta Mulai Berbuah&#13;
2. Bahagia Menjalani Kehamilan 7&#13;
3.Perkembangan Janin Dalam Rahim &#13;
4. Ketika Persalinan makin dekat &#13;
5. Persalinan yang menegangkan &#13;
6. Perawaratan Ekstra di Tahun pertama &#13;
7. Perlindungan Prima Dengan Olahraga</subfield>
  </datafield>
  <datafield tag="520" ind1=" " ind2=" ">
   <subfield code="a">KEHAMILAN ADALAH SUATU PERISTIWA&#13;
yang dinantikan oleh setiap keluarga. Betapa indahnya keluarga, ketika si buah hati hadir menjadi ikatan cinta suami istri. Kehamilan lalu menjadi peristiwa indah yang tak terlupakan. Dengan segenap harap- harap cemas sekaligus bahagia, mereka menantikan lahirnya si buah hati ke dunia. Sayangnya, kadangkala pasangan suami istri tidak mempersiapkan diri bagaimana melahirkan sang bayi dengan lancar, aman, nyaman dan selamat.&#13;
Hadirnya bayi kemudian akan menjadi tumpuan cinta kasih bagi kedua orang tuanya. Meski dipandang setiap hari, namun anda tak akan pernah bosan pada wajahnya, bahkan kasih sayang semakin membuncah. Apalagi, jika bayi kesayangan anda sehat, ceria, dan pintar. Sungguh suatu anugerah Tuhan yang sangat besar dan pantas disyukuri setiap hari. Alangkah cerianya rumah tangga yang di dalamnya penuh dengan gelak tawa dan rengek manja seorang balita. Capek fisik dan pikiran selama sehari penuh terbayarkan lunas ketika melihat bayi anda berceloteh lucu menggemaskan.&#13;
Buku ini membantu anda bagaimana menyambut anugerah agung itu, sejak pengetahuan dasar mengenai sistem reproduksi, perencanaan kehamilan, menjalani kehamilan, menyiapkan persalinan, merawat bayi, hingga senam balita. Sebuah buku panduan yang lengkap untuk pegangan setiap ibu rumah tangga.</subfield>
  </datafield>
  <datafield tag="264" ind1=" " ind2=" ">
   <subfield code="a">Yogyakarta :</subfield>
   <subfield code="b">Parama Ilmu,</subfield>
   <subfield code="c">2021</subfield>
  </datafield>
  <datafield tag="336" ind1=" " ind2=" ">
   <subfield code="2">rdacontent</subfield>
   <subfield code="a">Teks</subfield>
  </datafield>
  <datafield tag="337" ind1=" " ind2=" ">
   <subfield code="2">rdamedia</subfield>
   <subfield code="a">Tanpa Perantara</subfield>
  </datafield>
  <datafield tag="338" ind1=" " ind2=" ">
   <subfield code="2">rdacarrier</subfield>
   <subfield code="a">Lembar</subfield>
  </datafield>
  <datafield tag="990" ind1=" " ind2=" ">
   <subfield code="a">077573</subfield>
  </datafield>
  <datafield tag="990" ind1=" " ind2=" ">
   <subfield code="a">077574</subfield>
  </datafield>
 </record>
</collection>
